Making movies / (Record no. 82375)
[ view plain ]
| 000 -LEADER | |
|---|---|
| fixed length control field | 00687nam a2200241 a 4500 |
| 001 - CONTROL NUMBER | |
| control field | 82375 |
| 003 - CONTROL NUMBER IDENTIFIER | |
| rucl marc code | BD-RjUL |
| 005 - DATE AND TIME OF LATEST TRANSACTION | |
| control field | 20231129124248.0 |
| 008 - FIXED-LENGTH DATA ELEMENTS--GENERAL INFORMATION | |
| fixed length control field | 231129s1996 nyu 000 0 eng d |
| 020 ## - INTERNATIONAL STANDARD BOOK NUMBER | |
| International Standard Book Number | 9780679756606 |
| International Standard Book Number | 0679437096 |
| 035 ## - SYSTEM CONTROL NUMBER | |
| System control number | (BD-RjUL)82375 |
| 040 ## - CATALOGING SOURCE | |
| Original cataloging agency | HAI |
| Language of cataloging | eng |
| Transcribing agency | BD-RjUL |
| 041 0# - LANGUAGE CODE | |
| Language code of text/sound track or separate title | eng |
| 082 ## - DEWEY DECIMAL CLASSIFICATION NUMBER | |
| Edition number | 23 |
| Classification number | 791.430233092 |
| Author mark and year | LUM 1996 |
| 100 1# - MAIN ENTRY--PERSONAL NAME | |
| Personal name | Lumet, Sidney, |
| Dates associated with a name | 1924-2011 |
| 9 (RLIN) | 10251 |
| 245 10 - TITLE STATEMENT | |
| Title | Making movies / |
| Statement of responsibility, etc. | Sidney Lumet |
| 250 ## - EDITION STATEMENT | |
| Edition statement | 1st Vintage Books ed. |
| 260 ## - PUBLICATION, DISTRIBUTION, ETC. (IMPRINT) | |
| Place of publication, distribution, etc. | New York : |
| Name of publisher, distributor, etc. | Vintage, |
| Date of publication, distribution, etc. | 1996 |
| 300 ## - PHYSICAL DESCRIPTION | |
| Pagination | x, 220 p. ; |
| Size | 22 cm. |
| 650 #4 - SUBJECT ADDED ENTRY--TOPICAL TERM | |
| Topical term or geographic name as entry element | Motion pictures |
| General subdivision | Production and direction |
| Form subdivision | Handbooks, manuals, etc. |
| 9 (RLIN) | 7501 |
| 942 ## - ADDED ENTRY ELEMENTS (KOHA) | |
| Source of classification or shelving scheme | Dewey Decimal Classification |
| Koha item type | Books |
| Lost status | Source of classification or shelving scheme | Damaged status | Not for loan | Collection code | Permanent Location | Current Location | Shelving location | Date acquired | Source of acquisition | Cost, normal purchase price | Total Checkouts | Full call number | Date last seen | Copy number | Koha item type |
|---|---|---|---|---|---|---|---|---|---|---|---|---|---|---|---|
| Dewey Decimal Classification | Not For Loan | Non-fiction | Central Library, University of Rajshahi | Central Library, University of Rajshahi | Reading Room | 30/10/2023 | Dhaka : BM Book | 1368.00 | 791.430233092 LUM 1996 | 29/11/2023 | C-1 | Books | |||
| Dewey Decimal Classification | Non-fiction | Central Library, University of Rajshahi | Central Library, University of Rajshahi | General Stacks | 30/10/2023 | Dhaka : BM Book | 1368.00 | 791.430233092 LUM 1996 | 29/11/2023 | C-2 | Books | ||||
| Dewey Decimal Classification | Non-fiction | Central Library, University of Rajshahi | Central Library, University of Rajshahi | General Stacks | 30/10/2023 | Dhaka : BM Book | 1368.00 | 791.430233092 LUM 1996 | 29/11/2023 | C-3 | Books | ||||
| Dewey Decimal Classification | Non-fiction | Central Library, University of Rajshahi | Central Library, University of Rajshahi | General Stacks | 25/03/2026 | Omni Concept, Dhaka | 1424.00 | 791.430233092 LUM 1996 | 01/04/2026 | C-4 | Books | ||||
| Dewey Decimal Classification | Non-fiction | Central Library, University of Rajshahi | Central Library, University of Rajshahi | General Stacks | 25/03/2026 | Omni Concept, Dhaka | 1424.00 | 791.430233092 LUM 1996 | 01/04/2026 | C-5 | Books |